01334nam a2200289 a 450000100100000000500170001000800410002702000150006804000250008308200150010824000600012324501820018326000600036530000210042549000240044653400690047070000310053970000300057070000390060070000340063970000310067383000700070404900090077495201190078395201250090299900170102700002434220200930022928.0110126s1976 mx r 001 0 spa d a9682997763 aDO-SdBNPbspacBNPHU axxxxbP96200aZagadnienia ekonomii polytycznej socjalizmu.lEspañol00aProblemas de economía política del socialismo /cCzeslaw Bobrowski... [et al] ; edición Oscar Lange ; traducción de FLorentino M. Torner, Ludwik Margules y Alaide Foppa. aMéxico, D. F. :bFondo de Cultura Económoca,c1976. a347 p. ;c21 cm.1 aObras de Economía aTítulo original :tZagadnienia ekonomii polytycznej socjalizmu1 aBobrowski, Czeslaw.9499211 aLange, Oscar,eed.9499221 aTorner, Florentino M.,etr.9452321 aMargules, Ludwik,etr.9499231 aFoppa, Alaide,etr.949924 0aObras de Economía.pEconomía política del socialismo949925 aBNGR 001054708MOaGRbGRcCTd2011-01-26iLF1l0oxxxx P962p24342-10r2020-06-25w2020-06-25y4ZPréstamo en sala 001054728MOaGRbGRcCTd2011-01-26iLF1l0oxxxx P962p24342-20r2020-06-25te. 2w2020-06-25y4ZPréstamo en sala c23835d23835